000 01039nam a2200265Ia 4500
001 232-FLU da je (14183)
003 IT-MiSPE
008 171229s9999||||xx |||||||||||||| ||und||
040 _aIT-MiSPE
_cIT-MiSPE
041 _aITALIANO
100 _aDavid Flusser
240 _aJesus
245 0 _aJesus
250 _a1a ed. (v)
260 _aBrescia
_bMorcelliana
_c1997
300 _a196 p.
_c20 cm
490 _aShalom
501 _aEdizioni San Paolo srl - Piazza Soncino, 5 - 20092 CINISELLO BALSAMO (MI) (non commercial uses only) ® Copyright 2018
520 _aMartin Cunz (pref.)
700 _aMarina Santorio
_g(traduzione)
700 _aMartin Cunz
942 _cBK
957 _71
999 _a559
_bNO
_g Copie: 1
_c341009
_d341009